El hombre unidimensional (Record no. 97489)

MARC details
000 -LEADER
campo de control de longitud fija 00661nam a2200193 i 4500
001 - NÚMERO DE CONTROL
campo de control 97489
003 - IDENTIFICADOR DE NÚMERO DE CONTROL
campo de control ES-MaACL
005 - FECHA Y HORA DE LA ÚLTIMA TRANSACCIÓN
campo de control 20251009172046.0
007 - CAMPO FIJO DE DESCRIPCIÓN FÍSICA--INFORMACIÓN GENERAL
campo de control de longitud fija t|
008 - DATOS DE LONGITUD FIJA--INFORMACIÓN GENERAL
campo de control de longitud fija 050712s1972 sp ||||1| spa d
100 0# - ENTRADA PRINCIPAL--NOMBRE DE PERSONA
Nombre de persona Marcuse, Herbert,
Fechas asociadas al nombre 1898-1979
9 (RLIN) 76559
245 13 - MENCIÓN DEL TÍTULO
Título El hombre unidimensional
Resto del título : ensayo sobre la ideología de la sociedad industrial avanzada /
Mención de responsabilidad, etc. Herbert Marcuse; [traducción de Antonio Elorza].
250 ## - MENCION DE EDICION
Mención de edición [9ª ed.].
260 ## - PUBLICACIÓN, DISTRIBUCIÓN, ETC.
Lugar de publicación, distribución, etc. Barcelona :
Nombre del editor, distribuidor, etc. Seix y Barral,
Fecha de publicación, distribución, etc. 1972.
300 ## - DESCRIPCIÓN FÍSICA
Extensión 286 p., 3 h. ;
Dimensiones 19 cm.
700 1# - ENTRADA AGREGADA--NOMBRE PERSONAL
Nombre de persona Elorza, Antonio,
Fechas asociadas al nombre 1943-
9 (RLIN) 47089
852 ## - LOCALIZACIÓN
Ubicación ES-MaACL
Número de control de estantería E-5956
Sublocalización o colección R.90616
Holdings
Estatus retirado Estado de pérdida Estado de daño No para préstamo Biblioteca de origen Biblioteca actual Ubicación en estantería Fecha de adquisición Fuente de adquisición Total de préstamos Signatura topográfica completa Código de barras Visto por última vez Precio de reemplazo Tipo de ítem Koha
        Biblioteca del Ateneo de Madrid Biblioteca del Ateneo de Madrid Depósito 2 17/01/2008     E-5956 1101772 23/02/2023 23/02/2023 Libro impreso